[Event "Malmo Open 2014"]
[Site "Malmo"]
[Date "2014.12.12"]
[Round "1.1"]
[White "Rahul Kumar, Pune"]
[Black "Tikkanen, Hans"]
[Result "0-1"]
[WhiteElo "2169"]
[BlackElo "2551"]

1.e4 e6 2.d4 d5 3.e5 c5 4.c3 Qb6 5.Nf3 Nc6 6.Be2 Nh6 7.Bxh6 Qxb2 8.Qd2 
Qxa1 9.O-O gxh6 10.Na3 Qxf1+ 11.Bxf1 a6 12.Nc2 c4 13.Nh4 Bd7 14.f4 Be7 15.
Nf3 f5 16.exf6 Bxf6 17.f5 O-O 18.Ne3 Rae8 19.fxe6 Bxe6 20.Be2 b5 21.Bd1 
Bg7 22.Bc2 Rf4 23.Nf1 Ref8 24.Qe3 Bg4 25.N1d2 b4 26.h3 Bd7 27.g3 R4f7 28.
cxb4 Nxb4 29.Bb1 Bxh3 30.Ne5 Rf2 31.Nef3 Rg2+ 32.Kh1 Nd3 33.Bxd3 cxd3 34.
Qxd3 Rxg3 35.Kh2 Bf5 36.Qb3 Rg6 37.Qxd5+ Be6 38.Qe4 Bxa2 39.d5 Rd6 40.Qe7 
Rxd5 41.Qe6+ Kh8 42.Qxa6 Rh5+ 43.Kg3 Bd5 44.Qd6 Rhf5 45.Kg4 Bxf3+ 46.Nxf3 
Rxf3 47.Qe7 R3f6 48.Qa3 Rf4+ 0-1

[Event "Malmo Open 2014"]
[Site "Malmo"]
[Date "2014.12.12"]
[Round "1.2"]
[White "Hillarp Persson, Tiger"]
[Black "Christensen, Bo Garner"]
[Result "1-0"]
[WhiteElo "2544"]
[BlackElo "2168"]

1.d4 f5 2.Nc3 d5 3.Bg5 g6 4.e3 Bg7 5.Nce2 h6 6.Bh4 Qd6 7.c3 Nd7 8.Qb3 c5 
9.Bg3 e5 10.Nf3 Ne7 11.dxe5 Qc6 12.O-O-O g5 13.h4 g4 14.Ne1 a6 15.Nc2 Nxe5
16.Nf4 b5 17.Nh5 Qg6 18.Nxg7+ Qxg7 19.Qa3 b4 20.cxb4 cxb4 21.Qxb4 O-O 22.
Qc3 N5c6 23.Qxg7+ Kxg7 24.Nd4 Rd8 25.h5 Nxd4 26.Be5+ Kf7 27.exd4 Nc6 28.
Bf4 Kg7 29.Bd3 Bd7 30.a3 a5 31.Rhe1 Re8 32.Kb1 Kf6 33.Bc2 Rxe1 34.Rxe1 Re8
35.Rxe8 Bxe8 36.Ba4 Ke7 37.Bxh6 Nxd4 38.Bg5+ Kf7 39.Bxe8+ Kxe8 40.h6 1-0

[Event "Malmo Open 2014"]
[Site "Malmo"]
[Date "2014.12.12"]
[Round "1.3"]
[White "Wieweg, Johnny"]
[Black "Blomqvist, Erik"]
[Result "0-1"]
[WhiteElo "2167"]
[BlackElo "2525"]

1.e4 c5 2.Nc3 a6 3.Nge2 e6 4.g3 b5 5.Bg2 Bb7 6.O-O Nf6 7.d3 d6 8.h3 Nbd7 
9.Be3 Qc7 10.g4 h6 11.Ng3 Be7 12.f4 g6 13.Qf3 Rb8 14.g5 hxg5 15.fxg5 Ne5 
16.Qf2 Nh5 17.Nxh5 Rxh5 18.Qg3 Kd7 19.h4 Rbh8 20.Rf4 Ke8 21.Raf1 Bd8 22.
Ne2 R8h7 23.Bf2 Qa5 24.d4 cxd4 25.Bxd4 Qd2 26.Qf2 Qxc2 27.Bxe5 dxe5 28.
Rxf7 Be7 29.Rxe7+ Rxe7 30.Qf8+ Kd7 31.Nc3 Rhh7 32.h5 gxh5 33.g6 Rhg7 34.
Rf7 Rexf7 0-1

[Event "Malmo Open 2014"]
[Site "Malmo"]
[Date "2014.12.12"]
[Round "1.5"]
[White "Karlsson, Jorgen"]
[Black "Semcesen, Daniel"]
[Result "1-0"]
[WhiteElo "2160"]
[BlackElo "2471"]

1.Nc3 Nf6 2.d4 d6 3.Bg5 Nbd7 4.e3 c6 5.Nf3 e5 6.Bd3 Be7 7.O-O O-O 8.Nh4 h6
9.Bxf6 Bxf6 10.Nf5 d5 11.f4 exd4 12.exd4 Nb6 13.Ne2 g6 14.Nfg3 Nc4 15.Bxc4
dxc4 16.f5 Kh7 17.c3 Qe7 18.Qc2 Bd7 19.Rae1 Qe3+ 20.Kh1 Rae8 21.Rf3 Qe7 
22.Ref1 Bg5 23.Nf4 gxf5 24.Nfh5 Kg8 25.Nxf5 Bxf5 26.Rxf5 Kh8 27.g3 Qe2 28.
Qxe2 Rxe2 29.h4 Be7 30.R5f2 Rxf2 31.Rxf2 b5 32.Rf5 Kg8 33.d5 cxd5 34.Rxd5 
a6 35.Rd7 Bc5 36.Kg2 Be3 37.Rd1 Rb8 38.Kf3 Bc5 39.Nf6+ Kg7 40.Ne4 Bf8 41.
g4 a5 42.Rd5 Be7 43.h5 Kf8 44.Kf4 Kg7 45.Kf5 Rb7 46.Ke5 Rb6 47.Kd4 Rb8 48.
Rd7 Kf8 49.Ke5 Rb6 50.Nd6 Rb8 51.Kd5 b4 52.Nxc4 bxc3 53.bxc3 Rb1 54.Ra7 
Rb5+ 55.Ke4 Rg5 56.Ne5 Bd8 57.Ra8 Ke8 58.Rxd8+ 1-0

[Event "Malmo Open 2014"]
[Site "Malmo"]
[Date "2014.12.12"]
[Round "1.6"]
[White "Akesson, Ralf"]
[Black "Svensson, Anders"]
[Result "1-0"]
[WhiteElo "2457"]
[BlackElo "2153"]

1.d4 Nf6 2.c4 g6 3.Nc3 Bg7 4.e4 d6 5.Nf3 O-O 6.h3 Nbd7 7.Be3 e5 8.d5 Nc5 
9.Nd2 a5 10.g4 Ne8 11.h4 f5 12.gxf5 gxf5 13.h5 f4 14.Bxc5 dxc5 15.h6 Bf6 
16.Qh5 Nd6 17.Bh3 Bxh3 18.Qxh3 Qe7 19.O-O-O Kh8 20.Rhg1 Rg8 21.b3 Rab8 22.
Nf3 a4 23.Kc2 axb3+ 24.axb3 Ra8 25.Ra1 Rxa1 26.Rxa1 Qf7 27.Kd3 Qe7 28.Rg1 
Rxg1 29.Nxg1 Kg8 30.Nf3 Kf8 31.Nb5 Ne8 32.Qc8 b6 33.Na7 Qf7 34.Qg4 Nd6 35.
Nc6 Qe8 36.Ng5 Qg6 37.Ne6+ Kf7 38.Ned8+ Bxd8 39.Nxe5+ 1-0

[Event "Malmo Open 2014"]
[Site "Malmo"]
[Date "2014.12.12"]
[Round "1.7"]
[White "Wiander, Michael"]
[Black "Kantans, Toms"]
[Result "0-1"]
[WhiteElo "2151"]
[BlackElo "2447"]

1.e4 c5 2.Nf3 Nf6 3.d3 Nc6 4.g3 g6 5.Bg2 Bg7 6.O-O d5 7.Nbd2 O-O 8.Re1 e5 
9.exd5 Nxd5 10.Nc4 Re8 11.a4 b6 12.Ng5 f6 13.Ne4 Be6 14.f4 Kh8 15.fxe5 
fxe5 16.Ng5 Bg8 17.Re4 Bf6 18.h4 Qe7 19.c3 Rad8 20.Re2 h6 21.Nh3 Bg7 22.
Be4 Rf8 23.Rh2 Nf6 24.Bxc6 Bxc4 25.Qe1 Rxd3 26.Nf4 Rxg3+ 27.Qxg3 exf4 28.
Bxf4 Nh5 29.Qe3 Qf6 30.Bxh6 Qxc6 31.Bxg7+ Kxg7 32.Rg2 Nf4 0-1

[Event "Malmo Open 2014"]
[Site "Malmo"]
[Date "2014.12.12"]
[Round "1.8"]
[White "Sjodahl, Pontus"]
[Black "Kvamme, John A"]
[Result "1-0"]
[WhiteElo "2421"]
[BlackElo "2147"]

1.d4 c5 2.d5 d6 3.e4 Nf6 4.Nc3 g6 5.Nf3 Bg7 6.Bb5+ Bd7 7.a4 O-O 8.O-O Na6 
9.Re1 Bg4 10.h3 Bxf3 11.Qxf3 Nd7 12.Bf1 Rb8 13.Nb5 Qa5 14.Qd1 Ra8 15.c3 
Rfc8 16.Bg5 Kf8 17.Qg4 Nf6 18.Qh4 Nc7 19.Nxd6 1-0

[Event "Malmo Open 2014"]
[Site "Malmo"]
[Date "2014.12.12"]
[Round "1.9"]
[White "Reid, Gregor J M"]
[Black "Jepson, Christian"]
[Result "0-1"]
[WhiteElo "2146"]
[BlackElo "2416"]

1.Nf3 d5 2.g3 g6 3.Bg2 Bg7 4.c4 e6 5.O-O Ne7 6.d4 O-O 7.cxd5 exd5 8.Nc3 
Nd7 9.Bg5 Nb6 10.Qd2 f6 11.Bf4 g5 12.Be3 Nc4 13.Qc1 c6 14.b3 Nxe3 15.Qxe3 
Nf5 16.Qd3 Nd6 17.e3 Bf5 18.Qe2 Qd7 19.Nd2 Rae8 20.Rfe1 h5 21.Qf1 Bg6 22.
Rad1 f5 23.Qd3 Qd8 24.f4 g4 25.Na4 Rf7 26.Nb2 Rfe7 27.Nf1 Nb5 28.Qd2 Nxd4 
29.exd4 Rxe1 30.Rxe1 Rxe1 0-1

[Event "Malmo Open 2014"]
[Site "Malmo"]
[Date "2014.12.12"]
[Round "1.10"]
[White "Ahlander, Bjorn"]
[Black "Eriksson, Kristian"]
[Result "1-0"]
[WhiteElo "2411"]
[BlackElo "2146"]

1.e4 e5 2.Nf3 Nc6 3.Bc4 Nf6 4.Ng5 d5 5.exd5 Na5 6.Bb5+ Bd7 7.Qe2 Be7 8.Nc3
O-O 9.Nge4 c6 10.Nxf6+ Bxf6 11.Bd3 cxd5 12.Nxd5 Nc6 13.O-O Nd4 14.Qd1 Bc6 
15.Nc3 Re8 16.Re1 g6 17.Be4 Rc8 18.d3 Bg7 19.Be3 Ne6 20.a4 a6 21.a5 f5 22.
Bxc6 Rxc6 23.Ra4 Qd7 24.Rb4 Rec8 25.Na4 Qe7 26.c3 f4 27.Ba7 Kh8 28.Qb3 f3 
29.g3 Qg5 30.Qd5 Qf5 31.Qe4 Qf7 32.Be3 Rd8 33.Nb6 Rcd6 34.Nc4 Rxd3 35.Nxe5
Bxe5 36.Qxe5+ Kg8 37.Re4 Rd1 38.Bb6 Rxe1+ 39.Rxe1 Re8 40.Bd4 Qg7 41.Qd5 
Qf7 42.Re3 1-0

[Event "MSF Open 2014"]
[Site "Malmo"]
[Date "2014.12.12"]
[Round "1.11"]
[White "Radwan, Sharif"]
[Black "Hogselius, Lars"]
[Result "1/2-1/2"]
[WhiteElo "1317"]
[BlackElo "1498"]

1.d4 Nf6 2.c4 e6 3.Nf3 b6 4.Nc3 Bb4 5.Bg5 h6 6.Bxf6 Qxf6 7.e3 O-O 8.Be2 
Bb7 9.Qc2 c5 10.O-O Bxc3 11.bxc3 d6 12.Rab1 Nc6 13.d5 Na5 14.Rfd1 e5 15.
Nd2 Ba6 16.Qa4 Bc8 17.e4 Qg6 18.Kh1 f5 19.f3 f4 20.Nb3 Nb7 21.Qc6 Rf7 22.
a4 Rb8 23.a5 bxa5 24.Nxc5 Qf6 25.Na6 Nd8 26.Qe8+ Rf8 27.Qa4 Rxb1 28.Rxb1 
Bxa6 29.Qxa5 Bc8 30.Qxa7 1/2-1/2

[Event "MSF Open 2014"]
[Site "Malmo"]
[Date "2014.12.12"]
[Round "1.12"]
[White "Carlsson, Ludvig"]
[Black "Svensson, Ingvar"]
[Result "1-0"]
[WhiteElo "1311"]
[BlackElo "1483"]

1.e4 e6 2.d4 d5 3.Nc3 c5 4.exd5 exd5 5.dxc5 d4 6.Nb5 Bxc5 7.Nf3 Nc6 8.Bf4 
Bb6 9.Bc4 Nh6 10.Nd6+ Kf8 11.O-O Bc7 12.Nxd4 Bxd6 13.Nxc6 bxc6 14.Qxd6+ 
Qxd6 15.Bxd6+ Ke8 16.Rfe1+ Kd8 17.Rad1 Bd7 18.Re7 Re8 19.Rxe8+ Kxe8 20.
Re1+ Kd8 21.Bf4 f5 22.Rd1 Ke8 23.Bxh6 gxh6 24.Rd6 Kf8 25.Rxd7 Re8 26.Rf7+ 
Kg8 27.Re7+ Kf8 28.Rxe8+ Kxe8 29.f4 Kf8 30.Kf2 Kg7 31.h4 a5 32.h5 Kf6 33.
Ke3 c5 34.c3 Ke7 35.a3 Kd6 36.b4 axb4 37.axb4 Kc6 38.Bg8 cxb4 39.cxb4 Kb5 
40.Bxh7 Kxb4 41.Kd4 Kb5 42.Ke5 Kc6 43.Kxf5 Kd6 44.Kg6 Ke6 45.Kg7 Ke7 46.f5
1-0

[Event "Malmo Open 2014"]
[Site "Malmo"]
[Date "2014.12.13"]
[Round "2.1"]
[White "Tikkanen, Hans"]
[Black "Lind, Jan-Olov"]
[Result "1-0"]
[WhiteElo "2551"]
[BlackElo "2252"]

1.d4 Nf6 2.c4 g6 3.Nc3 Bg7 4.e4 d6 5.h3 O-O 6.Be3 Nbd7 7.Bd3 c6 8.Nf3 e5 
9.d5 cxd5 10.cxd5 a6 11.Nd2 b5 12.b4 Bb7 13.Nb3 Rc8 14.Rc1 Nb6 15.Na5 Ba8 
16.Qe2 Rxc3 17.Rxc3 Nbxd5 18.exd5 Nxd5 19.Ra3 Nxe3 20.Qxe3 Bxg2 21.Rg1 Qh4
22.Rb3 Bd5 23.Rg4 Qe7 24.Rb1 f5 25.Rg1 f4 26.Qd2 Qe6 27.Rd1 Bf3 28.Be2 
Bxe2 29.Qxe2 e4 30.Qc2 Qxh3 31.Qb3+ Qxb3 32.Nxb3 Bc3+ 33.Ke2 Be5 34.f3 e3 
35.Rc1 Rf5 36.Kd3 Kf7 37.Rc7+ Kf6 38.Rxh7 Ke6 39.Rxg6+ Kd5 40.Rg1 Rf8 41.
Rh6 Rc8 42.Rc1 Rg8 43.Rh2 Rg3 44.Ke2 Rg7 45.Na5 Bd4 46.Rd1 Rc7 47.Rh5+ Ke6
48.Rxd4 Rc2+ 49.Kd1 Rxa2 50.Rxf4 d5 51.Nb3 e2+ 52.Ke1 Rb2 53.Nd4+ 1-0

[Event "Malmo Open 2014"]
[Site "Malmo"]
[Date "2014.12.13"]
[Round "2.2"]
[White "Mohammadi, Amir"]
[Black "Hillarp Persson, Tiger"]
[Result "0-1"]
[WhiteElo "2242"]
[BlackElo "2544"]

1.e4 c5 2.Nc3 Nc6 3.g3 g6 4.Bg2 Bg7 5.d3 d6 6.f4 e5 7.Nf3 Nge7 8.Be3 Nd4 
9.h3 O-O 10.Qd2 Rb8 11.O-O b5 12.a3 a5 13.Kh2 b4 14.axb4 axb4 15.Ne2 Nxe2 
16.Qxe2 exf4 17.gxf4 Bxb2 18.Rab1 Bg7 19.d4 d5 20.dxc5 dxe4 21.Ne5 Qc7 22.
Bxe4 Nf5 23.Nc6 Bb7 24.Nxb8 Bxe4 25.Na6 Qc8 26.Nxb4 Re8 27.Rfe1 Nh4 28.Kg3
Bf6 29.Rf1 Nf5+ 30.Kh2 Ba8 31.Rb3 Bd4 32.c6 Nxe3 33.Re1 Bxc6 34.Qd2 Nf5 
35.Rxe8+ Qxe8 36.Rd3 Bb6 37.c4 Bb7 38.Rd7 Qe4 39.c5 Qh1# 0-1

[Event "Malmo Open 2014"]
[Site "Malmo"]
[Date "2014.12.13"]
[Round "2.3"]
[White "Blomqvist, Erik"]
[Black "Logdahl, Harald"]
[Result "1-0"]
[WhiteElo "2525"]
[BlackElo "2233"]

1.e4 Nf6 2.e5 Nd5 3.d4 d6 4.Nf3 Bg4 5.Be2 c6 6.exd6 exd6 7.O-O Be7 8.c4 
Nf6 9.Nc3 O-O 10.h3 Bf5 11.Re1 Ne4 12.Qb3 Nxc3 13.bxc3 Qb6 14.Bf1 Qxb3 15.
axb3 Re8 16.Bf4 Nd7 17.Re3 Nf8 18.Bh2 Ng6 19.d5 c5 20.Rae1 Bd7 21.Bd3 Bf8 
22.Ng5 Rxe3 23.Rxe3 Rd8 24.h4 Be7 25.Bxg6 Bxg5 26.hxg5 hxg6 27.Bxd6 b6 28.
b4 cxb4 29.cxb4 a5 30.bxa5 bxa5 31.Be7 Ra8 32.c5 Bb5 33.c6 a4 34.Kh2 Re8 
35.Kg3 f6 36.gxf6 gxf6 37.Bxf6 Rxe3+ 38.fxe3 a3 39.Kf4 Kf7 40.Bc3 Ke8 41.
Ke5 g5 42.Kd6 g4 43.Kc7 1-0

[Event "Malmo Open 2014"]
[Site "Malmo"]
[Date "2014.12.13"]
[Round "2.4"]
[White "Alle, Ambjorn"]
[Black "Smith, Axel"]
[Result "0-1"]
[WhiteElo "2232"]
[BlackElo "2479"]

1.c4 c5 2.Nf3 Nc6 3.Nc3 g6 4.e3 Nf6 5.d4 cxd4 6.exd4 d5 7.cxd5 Nxd5 8.Qb3 
Nxc3 9.Bc4 Nd5 10.Bxd5 e6 11.Bxc6+ bxc6 12.O-O Qd5 13.Bg5 Be7 14.Bh6 f6 
15.Qc3 Kf7 16.Be3 Rd8 17.Rfc1 Rb8 18.b3 Bb7 19.Ne1 Bd6 20.Qc4 Qh5 21.h3 g5
22.f3 Qg6 23.Nd3 h5 24.Nc5 Bxc5 25.Qxc5 g4 26.fxg4 hxg4 27.hxg4 Qxg4 28.
Rf1 Rd7 29.Qe5 Rg8 30.Rxf6+ Ke7 31.Rf2 c5 32.Qxc5+ Ke8 33.Bh6 Qxg2+ 34.
Rxg2 Rxg2+ 35.Kh1 Rg5+ 36.d5 Bxd5+ 37.Kh2 Rh5+ 38.Kg3 Rxh6 39.Qc8+ Rd8 40.
Qc3 Rg6+ 41.Kh4 Rg2 42.Rf1 Rh2+ 43.Kg3 Rg2+ 44.Kh4 Rh2+ 45.Kg3 Rh7 46.Qf6 
Kd7 47.Qg6 Re7 48.Rf7 Rg8 49.Qxg8 0-1

[Event "Malmo Open 2014"]
[Site "Malmo"]
[Date "2014.12.13"]
[Round "2.5"]
[White "Drugge, Patrik"]
[Black "Akesson, Ralf"]
[Result "1-0"]
[WhiteElo "2193"]
[BlackElo "2457"]

1.e4 c5 2.Nc3 Nc6 3.g3 g6 4.Bg2 Bg7 5.d3 Rb8 6.Be3 d6 7.a4 e6 8.f4 Nge7 9.
Nf3 Nd4 10.O-O O-O 11.Qd2 Nec6 12.Ra3 Bd7 13.Nd1 e5 14.c3 Nxf3+ 15.Bxf3 
exf4 16.Bxf4 Be6 17.Bh6 Bxh6 18.Qxh6 Ne5 19.Be2 d5 20.exd5 Bxd5 21.Ne3 f5 
22.Qf4 Re8 23.Raa1 Bc6 24.Rae1 Qd7 25.b3 Rbd8 26.Rd1 Qe6 27.d4 cxd4 28.
cxd4 Nf7 29.Rd3 Be4 30.d5 Qb6 31.Rc3 Bxd5 32.Rf2 Be6 33.Nc4 Qd4 34.Qxd4 
Rxd4 35.Re3 Bd7 36.Rxe8+ Bxe8 37.Bf3 b6 38.Re2 Kf8 39.Kf2 Ng5 40.Ne5 Nxf3 
41.Nxf3 Rd1 42.Ng5 h6 43.Ne6+ Kf7 44.Nc7 Bd7 45.Rc2 g5 46.Nb5 a6 47.Na3 
Rh1 1-0

[Event "Malmo Open 2014"]
[Site "Malmo"]
[Date "2014.12.13"]
[Round "2.6"]
[White "Kantans, Toms"]
[Black "Guglielmi, Riccardo"]
[Result "1-0"]
[WhiteElo "2447"]
[BlackElo "2193"]

1.e4 e6 2.c4 d5 3.exd5 exd5 4.cxd5 Qxd5 5.Nc3 Qd8 6.Nf3 Be6 7.d4 Bd6 8.Bd3
Nf6 9.O-O h6 10.Ne5 c6 11.Bf4 Bxe5 12.dxe5 Nd5 13.Nxd5 cxd5 14.Rc1 Nd7 15.
Bb1 Rc8 16.Qb3 b6 17.Qg3 g5 18.Be3 Rc7 19.f4 Rxc1 20.Rxc1 gxf4 21.Bxf4 Kf8
22.b4 b5 23.Be3 Qb8 24.Qh4 Kg7 25.Rc3 Kf8 26.Rc6 1-0

[Event "Malmo Open 2014"]
[Site "Malmo"]
[Date "2014.12.13"]
[Round "2.7"]
[White "Nilsson, Patrik 1978"]
[Black "Sjodahl, Pontus"]
[Result "0-1"]
[WhiteElo "2191"]
[BlackElo "2421"]

1.f4 d5 2.Nf3 g6 3.g3 Bg7 4.Bg2 c6 5.Nc3 Qb6 6.d3 d4 7.Ne4 Nd7 8.O-O Ngf6 
9.Kh1 Nd5 10.a3 O-O 11.Qe1 Nc5 12.Bd2 Nxe4 13.dxe4 Ne3 14.Bxe3 dxe3 15.Rb1
Be6 16.b3 Rad8 17.c4 Bg4 18.Qc1 Bxf3 19.Bxf3 Rd2 20.e5 Qd4 21.c5 Rd8 22.
Qc4 Ra2 23.Qxd4 Rxd4 24.a4 e6 25.Rfc1 Rb4 26.Rc3 Bf8 27.Kg2 Raxa4 28.Rd1 
Rd4 29.Rdc1 Ra5 30.h4 Rb5 31.Bg4 Rdb4 32.Rd1 Rxb3 33.Rcc1 Rxc5 34.Ra1 Rd5 
35.Rdc1 a5 36.Bf3 Rdb5 37.h5 Kg7 38.hxg6 hxg6 39.Rh1 Be7 40.Rh3 Rb1 41.Rh1
Rxa1 42.Rxa1 Kf8 43.Be4 Ke8 44.Kf3 Kd7 45.g4 Bb4 46.Rd1+ Ke7 47.Bd3 Rc5 
48.Kxe3 a4 49.Kd4 Ra5 50.e4 a3 51.Ra1 a2 52.Bc4 Bc5+ 53.Kd3 Ba7 54.Rxa2 
Rxa2 55.Bxa2 g5 56.f5 Bb8 57.Kd4 Ba7+ 58.Kd3 Bb6 59.Kc4 Ba5 60.Kd3 Be1 61.
f6+ Kd7 62.Kc4 b6 63.Kd3 Bf2 64.Kc3 Bc5 65.Kd3 0-1

[Event "Malmo Open 2014"]
[Site "Malmo"]
[Date "2014.12.13"]
[Round "2.8"]
[White "Jepson, Christian"]
[Black "Olsson, Simon"]
[Result "1-0"]
[WhiteElo "2416"]
[BlackElo "2185"]

1.c4 Nf6 2.d4 Nc6 3.Nf3 e6 4.Nc3 Bb4 5.e3 d6 6.Bd3 e5 7.Qc2 Bxc3+ 8.bxc3 
O-O 9.O-O Bg4 10.Ng5 h6 11.Ne4 Bd7 12.Ng3 Ne7 13.c5 Bc6 14.cxd6 cxd6 15.
Ba3 Qc7 16.e4 Rfe8 17.f4 exd4 18.cxd4 Rac8 19.Qb2 d5 20.e5 Ne4 21.Bxe7 
Qxe7 22.Nf5 Qe6 23.Ne3 Qg6 24.Rac1 a6 25.Rc2 f5 26.Rfc1 Qe6 27.Qb3 Rcd8 
28.Bxe4 dxe4 29.Qxe6+ Rxe6 30.Nxf5 g6 31.Nd6 Rdxd6 32.exd6 Rxd6 33.Rd2 Kf7
34.Kf2 Kf6 35.Rc5 b6 36.Re5 Bd5 37.Rc2 g5 38.fxg5+ hxg5 39.Ke3 b5 40.a3 
Rd7 41.Rf2+ Kg6 42.Rff5 Bb7 43.Rxg5+ Kf6 44.Ref5+ Ke6 45.Re5+ Kf6 46.Rgf5+
Kg6 47.h4 Rh7 48.h5+ Kg7 49.Re7+ Kh6 50.Rf6+ Kxh5 51.Rxh7+ 1-0

[Event "Malmo Open 2014"]
[Site "Malmo"]
[Date "2014.12.13"]
[Round "2.9"]
[White "Ask, Josef"]
[Black "Ahlander, Bjorn"]
[Result "0-1"]
[WhiteElo "2181"]
[BlackElo "2411"]

1.e4 e5 2.Ne2 Nf6 3.f4 d5 4.fxe5 Nxe4 5.d3 Ng5 6.d4 Nc6 7.Be3 Be7 8.Nf4 
O-O 9.c3 f6 10.Be2 fxe5 11.dxe5 d4 12.Bc4+ Kh8 13.Qh5 Nxe5 14.Bb3 dxe3 15.
h4 Rxf4 16.hxg5 Nd3+ 0-1

[Event "Malmo Open 2014"]
[Site "Malmo"]
[Date "2014.12.13"]
[Round "2.10"]
[White "Orndahl, Mats"]
[Black "Johansson, Linus"]
[Result "1-0"]
[WhiteElo "2176"]
[BlackElo "2391"]

1.Nf3 c5 2.c4 Nc6 3.d4 cxd4 4.Nxd4 g6 5.e4 Bg7 6.Be3 Nf6 7.Nc3 Ng4 8.Qxg4 
Nxd4 9.Qd1 Ne6 10.Rc1 O-O 11.Bd3 d6 12.Qd2 b6 13.O-O a5 14.Nd5 Nc5 15.Bb1 
Ra7 16.Bd4 Bxd4 17.Qxd4 Be6 18.f4 Qb8 19.h4 Bxd5 20.exd5 Nd7 21.h5 gxh5 
22.Rce1 Qd8 23.Rf3 Nf6 24.Rg3+ Kh8 25.Rge3 Kg7 26.Rg3+ Kh8 27.Rg5 Rg8 28.
Re3 Qc7 29.Kh1 Qc5 30.Qc3 b5 31.Rxe7 1-0

[Event "MSF Open 2014"]
[Site "Malmo"]
[Date "2014.12.13"]
[Round "2.11"]
[White "Hallbeck, Johan"]
[Black "Nielsen, Lars Crone"]
[Result "1/2-1/2"]
[WhiteElo "1475"]
[BlackElo "1378"]

1.e4 e5 2.Nf3 Nf6 3.Nc3 Bc5 4.Nxe5 d6 5.Nf3 O-O 6.Bc4 h6 7.O-O a6 8.d3 b5 
9.Bb3 Re8 10.Bf4 Nc6 11.Qd2 Kh7 12.Bxf7 Rf8 13.Bb3 Nh5 14.Be3 Bxe3 15.Qxe3
Bg4 16.Ne1 Bd7 17.Bd5 Rb8 18.Nf3 Nf4 19.Bxc6 Bxc6 20.Ne2 Ng6 21.Nfd4 Rb6 
22.Nxc6 Rxc6 23.Nd4 Rc5 24.Ne6 Qe7 25.Nxc5 dxc5 26.f4 Nh4 27.g3 Ng6 28.c3 
Rd8 29.Rad1 Nf8 30.e5 Ne6 31.Rf3 Rd7 32.h4 Kg8 33.f5 Nf8 34.f6 gxf6 35.
Rxf6 Qh7 36.Qxh6 Qxh6 37.Rxh6 1/2-1/2

[Event "MSF Open 2014"]
[Site "Malmo"]
[Date "2014.12.13"]
[Round "2.12"]
[White "Karlsson, Stefan"]
[Black "Akke, Mattias"]
[Result "1/2-1/2"]
[WhiteElo "1444"]
[BlackElo "1362"]

1.e4 c5 2.Nf3 Nc6 3.Nc3 d6 4.Bb5 e6 5.d4 cxd4 6.Nxd4 Ne7 7.O-O e5 8.Nf3 a6
9.Bc4 g6 10.Ng5 Be6 11.Bxe6 fxe6 12.Nxe6 Qd7 13.Ng5 h6 14.Nh3 g5 15.Qh5+ 
Kd8 16.Nxg5 Kc7 17.Nd5+ Nxd5 18.exd5 Nd4 19.c3 Ne2+ 20.Qxe2 hxg5 21.Qc4+ 
Kb8 22.Bxg5 Rg8 23.Qh4 Qg7 24.Qh6 Qxg5 25.Qxg5 Rxg5 26.f4 exf4 27.Rxf4 Kc7
28.Raf1 Be7 29.Rf7 Kd7 30.R7f5 Rag8 31.g3 Kc7 32.R1f4 b5 33.Rf7 Re8 34.
R7f5 Kb6 35.b4 Rc8 36.Rf7 Bd8 37.Rd7 Rxd5 38.Rf8 Rxc3 39.Rfxd8 Rd1+ 40.Kg2
Kc6 41.Ra7 Kb6 42.Rad7 Kc6 1/2-1/2

[Event "Malmo Open 2014"]
[Site "Malmo"]
[Date "2014.12.13"]
[Round "3.1"]
[White "Malmgren, Lars-Goran"]
[Black "Tikkanen, Hans"]
[Result "0-1"]
[WhiteElo "1973"]
[BlackElo "2551"]

1.c4 b6 2.Nf3 Bb7 3.e3 e6 4.a3 g5 5.h3 Bg7 6.d4 h5 7.e4 g4 8.hxg4 hxg4 9.
Rxh8 Bxh8 10.Ne5 Qh4 11.Nc3 Nf6 12.Qe2 d6 13.Nd3 Nc6 14.Be3 O-O-O 15.O-O-O
Na5 16.e5 Ne4 17.c5 dxc5 18.dxc5 Nxc3 19.bxc3 Ba6 20.Qc2 Qe7 21.Nb4 Bxf1 
22.Rxf1 Bxe5 23.Qe4 Bxc3 24.Qa8+ Kd7 25.Rd1+ Ke8 26.Rxd8+ Qxd8 27.Qxa7 Bd4
28.cxb6 Bxe3+ 29.fxe3 cxb6 30.Qa6 Kf8 31.Qd3 Qxd3 32.Nxd3 Nc4 33.Nf2 f5 
34.e4 Nxa3 35.Kb2 Nc4+ 36.Kc3 Nd6 37.exf5 exf5 38.Kd4 Ke7 39.Nd3 b5 40.Ne5
Ke6 41.Nc6 f4 42.Kd3 Kf5 43.Nd4+ Kf6 44.Ne2 Ke5 45.Nc3 b4 46.Nd1 Nf5 47.
Kc4 Ne3+ 48.Nxe3 fxe3 49.Kd3 b3 50.Kxe3 b2 51.Kf2 b1=Q 52.Kg3 Qd3+ 53.Kxg4
Qe3 54.g3 Qe4+ 55.Kh3 Qf3 56.Kh4 Kf5 57.Kh3 Qh1# 0-1

[Event "Malmo Open 2014"]
[Site "Malmo"]
[Date "2014.12.13"]
[Round "3.2"]
[White "Bengtsson, Jessica"]
[Black "Hillarp Persson, Tiger"]
[Result "0-1"]
[WhiteElo "1967"]
[BlackElo "2544"]

1.e4 g6 2.d4 Bg7 3.Nc3 d6 4.h3 a6 5.Nf3 b5 6.a4 b4 7.Ne2 Nd7 8.Be3 Bb7 9.
Ng3 Ngf6 10.Bd3 c5 11.c3 O-O 12.O-O bxc3 13.bxc3 Qc7 14.Qd2 e5 15.dxe5 
dxe5 16.Qa2 a5 17.Nd2 Nb6 18.f3 Bc6 19.Bc2 Bd7 20.Bb3 Ne8 21.Nc4 Nxc4 22.
Bxc4 Nd6 23.Bd5 Rab8 24.Qa3 Rfc8 25.Rfd1 Bf8 26.c4 Rb4 27.Qc3 Bxa4 28.Rdb1
Bg7 29.Ne2 Rcb8 30.Qc1 Be8 31.Bd2 Rxb1 32.Rxb1 Rxb1 33.Qxb1 a4 34.Nc3 h5 
35.Qa2 Qa7 36.Be3 Bf8 37.Qa3 Nc8 38.Kf2 Qa5 39.g4 hxg4 40.hxg4 Nb6 41.Bd2 
Qa6 42.Qa2 Be7 43.Kg3 Bd7 44.Nb5 Nxd5 45.exd5 Bxb5 46.cxb5 Qxb5 0-1

[Event "Malmo Open 2014"]
[Site "Malmo"]
[Date "2014.12.13"]
[Round "3.3"]
[White "Pantzar, Milton"]
[Black "Blomqvist, Erik"]
[Result "0-1"]
[WhiteElo "1965"]
[BlackElo "2525"]

1.d4 d5 2.c4 c6 3.Nc3 Nf6 4.e3 Bf5 5.cxd5 cxd5 6.Qb3 Nc6 7.Qxb7 Bd7 8.Bb5 
Rb8 9.Qa6 Nb4 10.Bxd7+ Qxd7 11.Qe2 Qf5 12.Kf1 e6 13.Nf3 Bd6 14.g3 Ne4 15.
Kg2 g5 16.a3 Nc6 17.Ra2 O-O 18.Bd2 Rb3 19.Rc1 Ne7 20.Be1 Rfb8 21.Qc2 Ng6 
22.Nxe4 dxe4 23.Nd2 Rd3 24.Qc6 Rxd2 25.Bxd2 Rd8 26.f4 Qg4 27.Rf1 gxf4 28.
Qxe4 f3+ 0-1

[Event "Malmo Open 2014"]
[Site "Malmo"]
[Date "2014.12.13"]
[Round "3.4"]
[White "Halvarsson, Peter"]
[Black "Smith, Axel"]
[Result "0-1"]
[WhiteElo "1961"]
[BlackElo "2479"]

1.e4 c5 2.a3 b6 3.Nc3 Bb7 4.Bc4 e6 5.Qe2 Nc6 6.Nf3 Nd4 7.Nxd4 cxd4 8.Nb5 
Nf6 9.e5 Nd5 10.d3 Bc5 11.Qg4 Kf8 12.O-O f5 13.Qg3 a6 14.Nd6 Bxd6 15.exd6 
Qf6 16.Bg5 Qg6 17.Rae1 Kf7 18.Re2 Rac8 19.Rfe1 h6 20.Bxd5 Bxd5 21.Bf4 Qxg3
22.Bxg3 Rc6 23.Be5 Rhc8 24.Bxd4 Rxc2 25.Rxc2 Rxc2 26.Bc3 b5 27.f3 a5 28.
Bxa5 Rxb2 29.Rc1 e5 30.Rc5 Ke6 31.Bb4 Rb3 32.Rxb5 Rxd3 33.Rb8 Bc6 34.Re8+ 
Kd5 35.Re7 g5 36.Kf2 Rb3 37.Rh7 Rb2+ 38.Kg3 Bb5 39.Rxh6 Bf1 40.Rf6 Rxg2+ 
41.Kh3 Rg4# 0-1

[Event "Malmo Open 2014"]
[Site "Malmo"]
[Date "2014.12.13"]
[Round "3.5"]
[White "Kardell, Mathias"]
[Black "Kantans, Toms"]
[Result "0-1"]
[WhiteElo "1959"]
[BlackElo "2447"]

1.e4 d5 2.exd5 Qxd5 3.Nc3 Qd6 4.Nf3 Nf6 5.d4 a6 6.Be2 Nc6 7.Be3 Bf5 8.Qd2 
O-O-O 9.O-O e5 10.dxe5 Nxe5 11.Qxd6 Bxd6 12.Nd4 Bg6 13.Rac1 Neg4 14.h3 
Nxe3 15.fxe3 Rhe8 16.Nd1 Nd5 17.Bg4+ Kb8 18.Rf3 Re5 19.Bf5 f6 20.Bxg6 hxg6
21.a3 Rde8 22.Kf2 f5 23.c4 Nf6 24.b4 c5 25.Nb3 cxb4 26.c5 Ne4+ 27.Kg1 Nxc5
0-1

[Event "Malmo Open 2014"]
[Site "Malmo"]
[Date "2014.12.13"]
[Round "3.6"]
[White "Hedin, Niclas"]
[Black "Sjodahl, Pontus"]
[Result "0-1"]
[WhiteElo "1957"]
[BlackElo "2421"]

1.d4 Nf6 2.c4 c5 3.d5 a6 4.Nc3 b5 5.e3 b4 6.Nce2 g6 7.Nf3 Bg7 8.Ng3 O-O 9.
Bd3 e6 10.e4 exd5 11.cxd5 d6 12.h3 a5 13.a4 Nbd7 14.O-O Nb6 15.Nd2 Nfd7 
16.Bb5 Ba6 17.Bxa6 Rxa6 18.Qe2 Qc8 19.Qb5 Ra8 20.Nb3 Qa6 21.Qxa6 Rxa6 22.
Bf4 Nc4 23.Nd2 Nxb2 24.Ra2 Rc8 25.Rxb2 Bxb2 26.Nc4 Be5 27.Bh6 Nb6 28.Nxe5 
dxe5 29.f4 Nd7 30.f5 c4 31.Bg5 c3 32.Be7 b3 33.d6 c2 34.f6 b2 35.Nf5 gxf5 
36.Rxf5 c1=Q+ 0-1

[Event "Malmo Open 2014"]
[Site "Malmo"]
[Date "2014.12.13"]
[Round "3.8"]
[White "Qwarfort, Fredrik"]
[Black "Ahlander, Bjorn"]
[Result "0-1"]
[WhiteElo "1926"]
[BlackElo "2411"]

1.d4 f5 2.Nf3 Nf6 3.g3 g6 4.Bg2 Bg7 5.c4 O-O 6.O-O d6 7.d5 Na6 8.Nc3 Nc5 
9.Rb1 Bd7 10.b4 Nfe4 11.Nxe4 Nxe4 12.Bb2 a5 13.Bxg7 Kxg7 14.Qd4+ Kg8 15.a3
axb4 16.axb4 Ra2 17.Rb2 Qa8 18.Nd2 Nxd2 19.Qxd2 Ra1 20.Rbb1 Ra2 21.Rb2 Ra3
22.e3 Qa4 23.Rfb1 Ra8 24.e4 Ra1 25.Bh3 fxe4 26.Bxd7 Qxd7 27.Qe1 Rxb1 28.
Rxb1 Qf5 29.Ra1 Rxa1 30.Qxa1 b6 31.Qa8+ Kf7 32.Qd8 e3 33.fxe3 Qb1+ 34.Kf2 
Qc2+ 35.Kg1 Qxc4 36.Qh8 Qc1+ 37.Kf2 Qd2+ 38.Kg1 Qxe3+ 39.Kg2 Qe4+ 40.Kg1 
g5 41.Kf2 Qf5+ 42.Kg1 Qg6 43.Qc8 Qb1+ 44.Kf2 Qc2+ 45.Kf1 Qd3+ 46.Kf2 Qxd5 
47.Qxc7 Qd4+ 0-1

[Event "Malmo Open 2014"]
[Site "Malmo"]
[Date "2014.12.13"]
[Round "3.9"]
[White "Svensson, Soren"]
[Black "Bellon Lopez, Juan Manuel"]
[Result "0-1"]
[WhiteElo "1922"]
[BlackElo "2381"]

1.d4 Nf6 2.c4 c5 3.d5 e5 4.Nc3 d6 5.e4 Be7 6.Be2 O-O 7.Nf3 Ne8 8.O-O Nd7 
9.Ne1 g6 10.a3 Ng7 11.b4 f5 12.f4 Bf6 13.Bb2 exf4 14.Rb1 Qe7 15.Qc2 Bd4+ 
16.Kh1 Ne5 17.Rxf4 Ng4 18.Bxg4 fxg4 19.Rxf8+ Qxf8 20.Nd3 Nh5 21.Nb5 Ng3+ 
0-1